Movies Quiz

Random Movies or Role Quiz

3 Roles (1990s Edition) Quiz Stats

Quiz Updated Nov 15, 2017

Challenge
Share
Tweet
Embed
Score 0/30 Timer 10:00
1 Play Today
% Correct
Macaulay Culkin
92%
Mel Gibson
89.2%
Jodie Foster
88.8%
Christina Ricci
87.6%
Jeff Bridges
86.4%
John Travolta
78.8%
Bruce Willis
74.6%
Samuel L. Jackson
73.5%
Whoopi Goldberg
72%
Kathy Bates
71.1%
Brendan Fraser
70.6%
Antonio Banderas
70%
Kevin Costner
69.9%
Morgan Freeman
69.7%
Kurt Russell
69.3%
% Correct
Keanu Reeves
69.3%
Demi Moore
68.9%
Chris Farley
67.3%
Denzel Washington
63.7%
Robin Williams
59.6%
Julia Roberts
56.4%
Clint Eastwood
54.1%
Vivica A. Fox
52.7%
Wesley Snipes
50.4%
Nicole Kidman
46.2%
Drew Barrymore
44.7%
Eddie Murphy
40.4%
Sandra Bullock
35.2%
Meg Ryan
33.6%
Sigourney Weaver
31.4%

You're not logged in!

Compare scores with friends on all Sporcle quizzes.
Join for Free
OR
Log In

You Might Also Like...

Show Comments

Extras

Top Quizzes Today


Score Distribution

Your Account Isn't Verified!

In order to create a playlist on Sporcle, you need to verify the email address you used during registration. Go to your Sporcle Settings to finish the process.

Report this User

Report this user for behavior that violates our Community Guidelines.

Details: